| 000 | 00579nam a2200217Ia 4500 | ||
|---|---|---|---|
| 003 | OSt | ||
| 005 | 20220924114241.0 | ||
| 006 | a|||||r|||| 00| 0 | ||
| 007 | ta | ||
| 008 | 220923b |||||||| |||| 00| 0 snd d | ||
| 024 | _a268022 | ||
| 037 | _cTextual | ||
| 040 |
_aARTS _cARTS _bsnd |
||
| 041 |
_2snd _asnd |
||
| 082 | _aO156,2x, 1593M0 | ||
| 100 |
_aShah Ramesh _9172638 |
||
| 245 | 0 | _aKamre jo T. B. Mareez | |
| 260 |
_aAmedabad _bHundraj Balwani India _c1980 |
||
| 942 |
_hO156,2x, 1593M0 _cTEXL _2CC |
||
| 999 |
_c392692 _d392692 |
||